WordPerfect quick reference handbook /
Guardado en:
| Autor Principal: | |
|---|---|
| Autor Corporativo: | |
| Otros Autores: | , |
| Formato: | Libro |
| Idioma: | English |
| Publicado: |
New York :
Wiley,
c1989.
|
| Edición: | 2nd ed. |
| Materias: | |
| Etiquetas: |
Agregar Etiqueta
Sin Etiquetas, Sea el primero en etiquetar este registro!
|
| LEADER | 00879cam a2200289 a 4500 | ||
|---|---|---|---|
| 001 | MAT.inmabb006027 | ||
| 008 | 881227s1989####nyu###########001#0#eng## | ||
| 005 | 20091013154027.0 | ||
| 245 | 1 | 0 | |a WordPerfect quick reference handbook / |c Karen Cuneo, Gary C. Bond, Joseph Moller. |
| 250 | |a 2nd ed. | ||
| 260 | |a New York : |b Wiley, |c c1989. | ||
| 300 | |a 280, [69] p. ; |c 22 cm. | ||
| 500 | |a "Covers version 5.0." | ||
| 500 | |a "CPCE, Center for Professional Computer Education." | ||
| 500 | |a Incluye índice. | ||
| 510 | 4 | |a MR, |c *REVIEW #* | |
| 020 | |a 0471503827 | ||
| 100 | 1 | |a Cuneo, Karen. | |
| 700 | 1 | |a Bond, Gary C. | |
| 700 | 1 | |a Moller, Joseph, |d 1949- | |
| 710 | 2 | |a CPCE (Organization) | |
| 630 | 0 | 0 | |a WordPerfect (Computer file) |
| 650 | 0 | |a Word processing. | |
| 084 | |a *CODIGO* |2 MR | ||
| 010 | |a 88029661 | ||
| 040 | |a DLC |c DLC |d DLC | ||
| 859 | |p A-6386 |b BIB. MATEMATICA | ||
